Understanding Public Personnel Administration (Record no. 2812)

MARC details
000 -LEADER
fixed length control field 00373nam a22001337a 4500
008 - FIXED-LENGTH DATA ELEMENTS--GENERAL INFORMATION
fixed length control field 250403b |||||||| |||| 00| 0 eng d
020 ## - INTERNATIONAL STANDARD BOOK NUMBER
ISBN 978047353
100 ## - MAIN ENTRY--AUTHOR
Author UJO A. Abudulhameed
245 ## - TITLE STATEMENT
Title Understanding Public Personnel Administration
260 ## - PUBLICATION, DISTRIBUTION, ETC. (IMPRINT)
Place of publication Nigeria
Name of publisher Joyce Graphic Printer and Publishers
Date of publication 2000
300 ## - COLLATION
Pagination vii, 380p.
942 ## - ADDED ENTRY ELEMENTS (KOHA)
Item type Books
050 ## - LIBRARY OF CONGRESS CALL NUMBER
Classification number HF5546
Item number .U56
Holdings
Source of classification or shelving scheme Not for loan Permanent location Current location Date acquired Accession No. Full call number Barcode. Koha item type
Library of Congress Classification   Samuel Ogbemudia Main Library, University of Abuja Samuel Ogbemudia Main Library, University of Abuja 04/03/2025 2008/37841 HF5546.U56 2025-1120 Books
Library of Congress Classification   Samuel Ogbemudia Main Library, University of Abuja Samuel Ogbemudia Main Library, University of Abuja 04/03/2025 2008/37841 HF5546.U56 2025-1121 Books